3D User Interfaces
Guardado en:
| Autor principal: | |
|---|---|
| Formato: | Libro |
| Publicado: |
Addison-Wesley
|
| Materias: | |
| Etiquetas: |
Sin Etiquetas, Sea el primero en etiquetar este registro!
|
MARC
| LEADER | 00000nam a2200000Ia 4500 | ||
|---|---|---|---|
| 005 | 20260427112643.0 | ||
| 526 | |b Immersive Arts | ||
| 100 | |a Doug Bowman | ||
| 020 | |a 9780134034324 | ||
| 650 | |a VR | ||
| 526 | |a Masters | ||
| 942 | |c BK | ||
| 245 | |a 3D User Interfaces | ||
| 260 | |b Addison-Wesley | ||
| 999 | |c 17 |d 17 | ||
| 952 | |0 0 |1 0 |4 0 |7 0 |8 4 |a BRISTOL |b BRISTOL |d 2026-04-22 |l 0 |p 000126 |r 2026-04-27 11:26:44 |w 2026-04-27 |y BK | ||